Executive briefing : controlling software development
Αποθηκεύτηκε σε:
| Κύριος συγγραφέας: | |
|---|---|
| Άλλοι συγγραφείς: | |
| Μορφή: | Βιβλίο |
| Γλώσσα: | English |
| Δημοσίευση: |
Los Alamitos, California :
IEEE computer society press,
c1996
|
| Θέματα: | |
| Ετικέτες: |
Προσθήκη ετικέτας
Δεν υπάρχουν, Καταχωρήστε ετικέτα πρώτοι!
|
MARC
| LEADER | 00000nam a2200000 i 4500 | ||
|---|---|---|---|
| 001 | 1/83698 | ||
| 008 | 990608s1996 eng d | ||
| 020 | |a 0-8186-7452-0 | ||
| 035 | |l 10051415 | ||
| 040 | |a GR-MY-UA |b gre |e aacr | ||
| 041 | 0 | |a eng | |
| 082 | 0 | |a 005.1068 | |
| 100 | 1 | |a Putnam, Lawrence H. | |
| 245 | 1 | 0 | |a Executive briefing : |b controlling software development / |c Lawrence H. Putnam, Ware Myers |
| 260 | |a Los Alamitos, California : |b IEEE computer society press, |c c1996 | ||
| 300 | |a vi, 79 p.; |b ill.; |c 23 cm. | ||
| 500 | |a Includes bibliographical references | ||
| 650 | 0 | 0 | |a Computer software |x Development |x Management. |
| 700 | 1 | |a Myers, Ware. | |
| 852 | |a INST |b SAMOS |e 19990608 |h 005.1068 PUT |p 005300012609 |q 005300012609 |t BK |y 0 | ||
| 901 | |a BIBL3-1999-2 | ||
| 909 | |a Σ |b 065509 | ||
| 922 | |a 3ΕΛΗ |b 199812 |c ΤΠΕΣ |d ΠΑΠΑΣΩΤΗΡΙΟΥ | ||